| 000 | 00701nam a22002295i 4500 | ||
|---|---|---|---|
| 001 | 178381 | ||
| 003 | ES-MaACL | ||
| 005 | 20250827100618.0 | ||
| 008 | 110526s1970 sp |||| | spa d | ||
| 080 | _a930.85 | ||
| 080 | _a27-31 | ||
| 245 | 0 | 3 | _aEl ejemplo de Jesús. |
| 260 |
_aMadrid : _bDelblan, _cD. L. 1970. |
||
| 300 |
_a16 p. ; _c16 cm. |
||
| 490 | 1 |
_aMosaico cultural. 8. Historia universal ; _v10 |
|
| 500 | _aEncuadernado con otros títulos. | ||
| 600 | 0 | 4 |
_aJesucristo. _966361 |
| 650 | 0 | 4 |
_aCivilización- _xHistoria _911082 |
| 830 | 0 | 0 |
_aMosaico cultural. _pHistoria universal _v10 _9190931 |
| 852 |
_aES-MaACL _jE-15195 (10) _xOlim P-1923 |
||
| 999 |
_c178381 _d178381 |
||